| 000 | 00500nam a22002057a 4500 | ||
|---|---|---|---|
| 001 | sjds | ||
| 003 | sjds | ||
| 005 | 20221221201135.0 | ||
| 008 | 221221b sp ||||| |||| 00| 0 spa d | ||
| 020 | _a8425316340 | ||
| 020 | _a9788425316340 | ||
| 040 | _csjds | ||
| 041 | _aspa | ||
| 100 | 1 | _aWisely, Charlotte | |
| 245 | 1 | 0 |
_aBienvenida, intrusa _cCharlotte Wisely |
| 260 |
_aBarcelona : _bEdiciones Grijalbo, _cc1984 |
||
| 300 |
_a184 pages ; _c17 cm |
||
| 440 | _aLibro pasional | ||
| 942 | _cBK | ||
| 999 |
_c27589 _d27589 |
||